Open Data Biblioteca Nacional de Portugal


República Portuguesa: Ministério da Cultura
Biblioteca Nacional de Portugal

Catálogo da BNP: acesso por Identificadores Unívocos
Registos Bibliográficos associados ao registo de autoridade

Etiqueta de registo: 00379nas 2200205 450
001 2282561
003 http://id.bnportugal.gov.pt/bib/catbnp/2282561
100 ## $a20260322b19791980m y0pory01030103ba
101 0# $apor
102 ## $aPT
106 ## $ae
110 ## $accazz 0uu0
200 1# $a O Pirilim$esuplemento infantil do Comércio do Porto$fcoord. João Almada
207 #0 $aNº 1 (1 mar. 1979) - nº 53 (11 set. 1980)
210 #9 $aPorto$cEmpresa de O Comércio do Porto,$d1979-1980
215 ## $d26 cm
304 ## $aTeve como principais colaboradores: Jartur (Artur Varatojo), Vítor Péon, José Garcês e Jorge Magalhães
305 ## $aSuplemento destacável publicado como parte integrante do jornal: "O Comércio do Porto"
317 ## $aColeção Leandro de Moraes Sarmento$5PTBN: L.M.S. 181
326 ## $aSemanal
606 ## $aBanda desenhada$x[Periódicos]$2SIPOR$3887831
606 ## $aLiteratura juvenil$x[Periódicos]$2SIPOR$31883993
620 ## $dPorto
675 ## $a741.5(05)$vBN$zpor$3300845
675 ## $a087.5(05)$vmed$zpor$3288171
702 #1 $92$aLemos,$bJoão Pereira de$4300$31992956
702 #1 $aVaratojo,$bArtur,$f1926-2006$4340$345524
702 #1 $aPeón,$bVítor,$f1923-1991$4440$369695
702 #1 $aGarcês,$bJosé,$f1928-2020$4440$330188
702 #1 $aMagalhães,$bJorge,$f1938-2018$4340$342943
801 #0 $aPT$bBN$gRPC
966 ## $lBN$mFGJOR$pBiblioteca particular Leandro de Moraes Sarmento$sL.M.S. 181 $x3

OpendataBNP@bnportugal.pt | Mais informação sobre acesso aos dados BNP